Sports Quiz

Random Sports or Numbers Quiz
Score 0/20 Timer 02:00
0 Plays Today
Number of Targets Player % Correct
154Larry Fitzgerald
97.7%
170Andre Johnson
95.6%
151Calvin Johnson
94.9%
150Wes Welker
94.8%
148Roddy White
89.2%
181Brandon Marshall
88.4%
130Reggie Wayne
88.2%
157Dwayne Bowe
84.5%
129Steve Smith
83.3%
140Greg Jennings
83.1%
Number of Targets Player % Correct
140Terrell Owens
83%
138Santana Moss
81.6%
126Anquan Boldin
80.2%
126Randy Moss
80.1%
126Hines Ward
79.8%
138Braylon Edwards
77.9%
137T.J. Houshmandzadeh
67.9%
121DeSean Jackson
65.9%
129Eddie Royal
50.1%
137Antonio Bryant
48.3%
Remove Ads.
Support Sporcle.
Get the best of Sporcle when you Go Orange. This ad-free experience offers more features, more stats, and more fun while also helping to support Sporcle. Thank you for becoming a member.

You're not logged in!

Compare scores with friends on all Sporcle quizzes.
OR
Log In

Show Comments

Extras

Top Quizzes Today


Score Distribution

Your Account Isn't Verified!

In order to create a playlist on Sporcle, you need to verify the email address you used during registration. Go to your Sporcle Settings to finish the process.

Report this User

Report this user for behavior that violates our Community Guidelines.

Details: